000 00762nam a2200241Ia 4500
003 OSt
005 20220926015007.0
006 a|||||r|||| 00| 0
007 ta
008 220923b |||||||| |||| 00| 0 eng d
037 _cGeneral Book
040 _aRTL
_cRTL
_beng
041 _2eng
_aeng
082 _aX:99P,3.73.N56t4, J7
110 _aNational Industrial Conference Board, New York
_9321429
245 0 _aClerical salary survey
260 _aNew York
_bNational Industrial Conference Board U. S. A.
_c1957
300 _a32p.
_ccm.
650 _aClerical Labour Economics
_9263730
700 _aNational Industrial Conference Board, New York
_9321430
942 _hX:99P,3.73.N56t4, J7
_cGB
_2CC
999 _c630322
_d630322